header

The problem of God in modern philosophy (Record no. 108515)

MARC details
000 -LEADER
fixed length control field 01520nam a22003734a 4500
082 04 - DEWEY DECIMAL CLASSIFICATION NUMBER
Classification number 211
100 1# - MAIN ENTRY--AUTHOR NAME
Personal name Messinese, Leonardo,
245 14 - TITLE STATEMENT
Title The problem of God in modern philosophy
260 ## - PUBLICATION, DISTRIBUTION, ETC. (IMPRINT)
Place of publication Aurora, CO :
Name of publisher Davies Group,
Year of publication 2005.
300 ## - PHYSICAL DESCRIPTION
Number of Pages xxii, 74 p.
490 1# - SERIES STATEMENT
Series statement Contemporary religious thought
500 ## - GENERAL NOTE
General note "Inaugural address, Cathedra of History of Modern Philosophy, Department of Philosophy, Lateran University (Rome)".
650 #0 - SUBJECT ADDED ENTRY--TOPICAL TERM
Topical Term God.
Topical Term Philosophy and religion.
Topical Term Philosophy, Modern.
856 40 - ELECTRONIC LOCATION AND ACCESS
Uniform Resource Identifier http://site.ebrary.com/lib/rucke/Doc?id=10124859

No items available.

© 2026 Rongo University
Contact us: librarian | system librarian | Rongo university